000 01216cam a22003131i 4500
003 SA-RiAUC
005 20250617073051.0
008 250615s1988 le g d 001 0 ara c
040 _aKW-ShULA
_bara
_cSA-RiAUC
_erda
082 0 4 _a910.3
_qSA-RiAUC
090 _a910.3
_b ي ع ق
100 1 _aاليعقوبي، أحمد بن إسحاق بن جعفر،
_dتوفي بعد 292 هجري
_eمؤلف.
245 1 0 _aكتاب البلدان /
_cتأليف أحمد بن أبي يعقوب اليعقوبي.
250 _aالطبعة الأولى.
264 1 _aبيروت :
_bدار إحياء التراث العربي،
_c1988
300 _a175 صفحة ؛
_c24 سم.
336 _aنص
_btxt
_2rdacontent
_3كتاب
337 _aبدون وسيط
_bn
_2rdamedia
338 _aمجلد
_bnc
_2rdacarrier
490 1 _aالسلسلة الجغرافية ؛
_v6
500 _aيشتمل على كشافات.
500 _aكشاف : صفحة 131-153.
650 7 _aتقاويم البلدان
_2aucsh
650 7 _aالجغرافيا
_vمعاجم
_2aucsh
830 2 _aالسلسلة الجغرافية
_v6
942 _2ddc
_cBOOK
_n0
949 _aSA-JeALM
_d250615
_ueid123
_n1
999 _c9081
_d9081